00590nam a2200145Ia 4500008004100000020001800041041000800059082001700067100001800084245027600102250000600378260003900384300001200423650000900435210716s2016 xx 000 0 und d a9781783981786 aeng a621.399 GOLR aGoldman, Rik. aLearning proxmox VE: unleash the power of proxmox VE by setting up a dedicated virtual environment to serve both containers and virtual machines.bUnleash the power of proxmox VE by setting up a dedicated virtual environment to serve both containers and virtual machines. a1 aMumbaibPackt Publishing Ltdc2016 aiv, 210 aNone